Statistics for World's Highest Mountains

Click here to take the quiz!

General Stats

  • This quiz has been taken 2,106 times
    (2,104 since last reset)
  • The average score is 5 of 10

Answer Stats

#Mountain% Correct
1Everest
97%
2K2
94%
10Annapurna
53%
4Lhotse
50%
3Kanchenjunga
44%
9Nanga Parbat
36%
5Makalu
35%
6Cho Oyu
33%
8Manaslu
32%
7Dhaulagiri
26%

Score Distribution

Percentile by Number Answered

Percent of People with Each Score

Your Score History

You have not taken this quiz since the last reset